Online
Catalog
Normal view MARC view

Entry Nombre personal

Number of records used in: 2

001 - NÚMERO DE CONTROL

  • campo de control: 88135

003 - IDENTIFICADOR DEL NÚMERO DE CONTROL

  • campo de control: DO-SdBNP

005 - FECHA Y HORA DE LA ÚLTIMA TRANSACCIÓN

  • campo de control: 20250618092056.0

008 - DATOS DE LONGITUD FIJA

  • campo de control de longitud fija: 250618|| aca||aabn | a|a d

040 ## - FUENTE DE LA CATALOGACIÓN

  • Centro catalogador/agencia de origen: DO-SdBNP
  • Centro/agencia transcriptor: DO-SdBNP

100 ## - ENCABEZAMIENTO-NOMBRE DE PERSONA

  • Nombre de persona: Fernández Rodríguez, Aura Celeste

670 ## - FUENTE DE DATOS ENCONTRADOS

  • Cita de la fuente: Work cat.: (DO-SdBNP)59326: Repùblica Dominicana Junta Central Electoral 64605, Conferencias magistrales en la escuela nacional de formación electoral y de registro civil (EFEC) /

Powered by Koha